000 00411nam a2200181Ia 4500
005 20250423100459.0
008 250422s9999 xx 000 0 und d
020 _a0399146687
050 _aPS 3566. A686 .P74/
100 _aParker, Robert b.
245 0 _aPerish twice
260 _aNew York
260 _bG. P. Putmam's sons
260 _c2000
300 _a291 p
650 _aFiction
942 _cBK
999 _c33436
_d33436